| 000 | 00349nam a22001337a 4500 | ||
|---|---|---|---|
| 082 |
_a355.02 _bRIC |
||
| 100 |
_aRichardson, F.M _948676 |
||
| 245 |
_aFighting spirit _cF.M, Richardson |
||
| 260 |
_aLondon : _bLEO Cooper Ltd, _c1972. |
||
| 300 | _axv, 187 p. : | ||
| 526 |
_a0 _b0 _c0 _d355_020000000000000_RIC |
||
| 650 |
_aMCE _9379 |
||
| 942 |
_2ddc _cBK |
||
| 999 |
_c551537 _d551537 |
||